La sociedad abierta y sus enemigos

Este libro esboza algunas de las dificultades históricas más importantes que debe afrontar nuestra civilización, la cual no se ha recobrado aún de la conmoción de su nacimiento, de la transición de la sociedad tribal a la sociedad abierta.

Saved in:
Bibliografiske detaljer
Hovedforfatter: Popper, Karl Raimund
Format: Bog
Sprog:Spanish
Udgivet: Barcelona: Ediciones Paidós Ibérica, 1994
Serier:Paidos básica; No. 1
Fag:
Online adgang:Enlace del recurso
Tags: Tilføj Tag
Ingen Tags, Vær først til at tagge denne postø!

MARC

LEADER 00000nam a2200000 a 4500
001 000560
008 031020s1994 sp # fr# #000|0#spa#d
020 |a 84-7509-099-0 
041 0 |a spa 
043 |a e-sp--- 
082 0 4 |a 901  |b P566s 
100 1 |a Popper, Karl Raimund 
245 1 3 |a La sociedad abierta y sus enemigos   |c Karl Raimund Popper 
260 |a Barcelona:  |b Ediciones Paidós Ibérica,  |c 1994 
300 |a 693 p. 
440 0 |a Paidos básica;  |v No. 1 
520 3 |a Este libro esboza algunas de las dificultades históricas más importantes que debe afrontar nuestra civilización, la cual no se ha recobrado aún de la conmoción de su nacimiento, de la transición de la sociedad tribal a la sociedad abierta. 
534 |p Título original:  |t The open society and its enemies 
650 1 4 |a FILOSOFÍA DE LA HISTORIA 
650 1 4 |a SOCIOLOGÍA 
999 |c 2712  |d 2712 
856 |u https://catalogo.idep.edu.co/cgi-bin/koha/opac-detail.pl?biblionumber=2712  |z Enlace del recurso